000 00695cam a2200217 4500
001 2725
005 20181127165606.0
008 960415s1998 njua b 001 0 eng
010 _a 96017344
020 _a0134762924
100 1 _aLevin, Richard I.
245 1 0 _aStatistics for management /
_cRichard I. Levin, David S. Rubin.
250 _a7th ed.
260 _aNew Delhi :
_bPearson,
_c2011.
300 _a1 v. (various pagings) :
_bill. (some col.) ;
_c26 cm.
504 _aIncludes bibliographical references and index.
650 0 _aCommercial statistics.
650 0 _aManagement
_xStatistical methods.
650 0 _aSocial sciences
_xStatistical methods.
700 1 _aRubin, David S.
999 _c2184
_d2184